Проблемы экологии и ресурсосбережения в промышленности: Межвузовский сборник научных трудов

Bibliografski detalji
Autor kompanije: Самарский политехнический институт им. В. В. Куйбышева
Jezik:ruski
Izdano: Самара, [Б. и.], 1991
Teme:
Format: Knjiga
KOHA link:https://koha.lib.tpu.ru/cgi-bin/koha/opac-detail.pl?biblionumber=31700

MARC

LEADER 00000nam0a2200000 4500
001 31700
005 20231030204548.0
010 |a 5230062819 
035 |a (RuTPU)RU\TPU\book\31992 
035 |a BOOK00000071 
090 |a 31700 
100 |a 20011210d1991 k y0rusy50 ca 
101 0 |a rus 
102 |a RU 
105 |a a z 000zy 
200 1 |a Проблемы экологии и ресурсосбережения в промышленности  |e Межвузовский сборник научных трудов  |f Самарский политехнический институт им. В. В. Куйбышева 
210 |a Самара  |c [Б. и.]  |d 1991 
215 |a 123 с.  |c ил. 
320 |a Библиогр. в конце статей 
610 1 |a промышленность 
610 1 |a экология 
610 1 |a ресурсосбережение 
610 1 |a проблемы 
610 1 |a научные исследования 
675 |a 658.18  |v 3 
712 0 2 |a Самарский политехнический институт им. В. В. Куйбышева  |2 stltpush  |3 (RuTPU)RU\TPU\col\220 
801 0 |a RU  |b 63413507  |c 20011210  |g PSBO 
801 2 |a RU  |b 63413507  |c 20051115  |g PSBO 
942 |c BK